| 000 | 00000nam 2200000za 4500 |
| 001 | 9.680643 |
| 003 | CaOODSP |
| 005 | 20250403105626 |
| 007 | ta |
| 008 | 150407|1993||||xxc||||| f|0| 0 fre d |
| 020 | |a0-660-96103-2 |
| 040 | |aCaOODSP|bfre |
| 043 | |an-cn--- |
| 086 | 1 |aCS91-515F |
| 245 | 00|aLes défis que pose la mesure de l'origine ethnique : |bscience, politique et réalité: Conférence canado-américaine sur la mesure de l'origine ethnique, du 1er au 3 avril 1992 / |cPréparé sous la direction de Gustave J. Goldmann et al. Publié conjointement par le U.S. Bureau of the Census. |
| 260 | |aOttawa - Ontario : |bStatistique Canada |c1993. |
| 300 | |axi, 665p. : |bréférences, tableaux ; |c28 cm. |
| 500 | |a«Le présent ouvrage contient les actes de la Conférence canado-américaine sur la mesure de l'origine ethnique [...] Les actes de la conférence comportent deux sections. La première contient, pour chaque séance, le résumé des communications, des discussions en groupe de travail et des débats libres; et la seconde, le texte intégral des communications et des conférenciers invités.»--Page 1. Données de catalogage avant publication (Canada) imprimées dans cette publication. |
| 520 | 3 |aLe présent ouvrage contient les actes de la Conférence canado-américaine sur la mesure de l'origine ethnique [...] Les actes de la conférence comportent deux sections. La première contient, pour chaque séance, le résumé des communications, des discussions en groupe de travail et des débats libres; et la seconde, le texte intégral des communications et des conférenciers invités.--Page 1 |
| 563 | |aCouverture souple |
| 590 | |a99-01|b1999-01-08 |
| 691 | 07|aMinorité ethnique|2gcpds |
| 710 | 2 |aStatistique Canada. |
| 720 | 1 |aGoldmann, Gustave J. |
| 775 | 08|tChallenges of measuring an ethnic world : |w(CaOODSP)9.647218 |
| 776 | 0#|tLes défis que pose la mesure de l'origine ethnique |w(CaOODSP)9.823244 |